000 00305nam a22001337a 4500
008 170904b xxu||||| |||| 00| 0 eng d
020 _a9781412944571
041 _aeng
080 _a070
100 _a40
101 _aMED
245 _aINTRODUCING COMMUNICATION RESEARCH
_cTREADWELL,D
942 _2udc
_cBK
999 _c25991
_d25991